[Event "BL 9091 Delmenhorst-HSK"]
[Site "?"]
[Date "1991.??.??"]
[Round "?.1"]
[White "Wahls, M."]
[Black "Hausner, I."]
[Result "1-0"]
[WhiteElo "2560"]
[BlackElo "2445"]
[PlyCount "69"]
[EventDate "1991.??.??"]

1. e4 c5 2. Nf3 d6 3. d4 cxd4 4. Nxd4 Nf6 5. Nc3 Nc6 6. Bc4 e6 7. Be3 Be7 8.
Qe2 O-O 9. O-O-O a6 10. Bb3 Qe8 11. Rhg1 Nd7 12. Qh5 Nc5 13. g4 Nxb3+ 14. axb3
f6 15. Qxe8 Rxe8 16. f4 Nxd4 17. Bxd4 b5 18. f5 b4 19. Na4 Bb7 20. Nb6 e5 21.
Nxa8 Rxa8 22. Bc5 Bxe4 23. Bxd6 Bd8 24. Bxb4 Rc8 25. Rd2 Bb6 26. Rg3 h5 27. Re2
h4 28. Rh3 Bh1 29. Be1 e4 30. Bxh4 Bf3 31. Rxf3 exf3 32. Re1 Rd8 33. Rf1 Be3+
34. Kb1 Bf4 35. h3 1-0

[Event "BL 9091 Delmenhorst-HSK"]
[Site "?"]
[Date "1991.??.??"]
[Round "?.2"]
[White "Armas, I."]
[Black "Brunner, L."]
[Result "0-1"]
[WhiteElo "2450"]
[BlackElo "2460"]
[PlyCount "122"]
[EventDate "1991.??.??"]

1. e4 e6 2. d4 d5 3. Nd2 c5 4. exd5 Qxd5 5. Ngf3 cxd4 6. Bc4 Qd6 7. Nb3 Qb4+ 8.
Nbd2 Nc6 9. a3 Qd6 10. b4 Nf6 11. Nb3 a6 12. Nbxd4 Nxd4 13. Qxd4 Qxd4 14. Nxd4
b5 15. Bb3 Bb7 16. O-O Be7 17. Bb2 O-O 18. c4 bxc4 19. Bxc4 Rfc8 20. Rfc1 Nd5
21. Nb3 Bg5 22. Rc2 Nf4 23. f3 Bd5 24. Nc5 Bxc4 25. Rxc4 a5 26. h4 Bh6 27. Re4
Nd5 28. Kf2 axb4 29. axb4 Rxa1 30. Bxa1 Bd2 31. Nd3 Rc2 32. Re2 Be3+ 33. Ke1
Rc4 34. g3 h5 35. b5 Ra4 36. Be5 f6 37. Bb2 Ra5 38. Bc1 Ra1 39. Rc2 Rb1 40. Ke2
Bxc1 41. Nxc1 Rxb5 42. Nd3 Kf7 43. Nf2 Rb7 44. Ne4 Rc7 45. Rb2 e5 46. Kf2 Kg6
47. Ke2 Ne7 48. Nd6 Nc6 49. Nb5 Rd7 50. Rc2 Ne7 51. Kf2 Nf5 52. Ra2 Rd3 53. Rb2
Kh6 54. Kg2 Ne3+ 55. Kg1 Nc4 56. Rc2 Nd2 57. Kg2 Nxf3 58. Rf2 Nd2 59. Nc3 Rxc3
60. Rxd2 Rc4 61. Rd6 Kg6 0-1

[Event "BL 9091 Delmenhorst-HSK"]
[Site "?"]
[Date "1991.??.??"]
[Round "?.3"]
[White "Maus, So"]
[Black "Hermann, Man"]
[Result "0-1"]
[WhiteElo "2400"]
[BlackElo "2385"]
[PlyCount "106"]
[EventDate "1991.??.??"]

1. e4 e5 2. Nf3 Nc6 3. Bb5 f5 4. Nc3 Nd4 5. exf5 Nf6 6. Nxe5 c6 7. Bd3 d5 8.
O-O Bd6 9. Ng4 O-O 10. Ne3 Nd7 11. Ne2 Nxe2+ 12. Bxe2 d4 13. Nc4 Bc7 14. d3 Nc5
15. b4 Na4 16. Bd2 Bxf5 17. Bg4 b5 18. Bxf5 Rxf5 19. Qg4 Qf6 20. Na5 Rf8 21. f4
Bxa5 22. bxa5 h5 23. Qf3 Qd6 24. Rae1 Qd5 25. Qxd5+ Rxd5 26. Re6 Rf6 27. Rxf6
gxf6 28. Bb4 Kf7 29. Kf2 c5 30. Bd2 Rd6 31. h3 f5 32. Kf3 Re6 33. Rb1 a6 34.
Rg1 c4 35. dxc4 bxc4 36. Bb4 Re3+ 37. Kf2 Nc3 38. Bxc3 Rxc3 39. Rc1 h4 40. Ke2
Ke6 41. Kd2 Re3 42. Rb1 Kd5 43. Rb6 Re6 44. a4 Rc6 45. c3 d3 46. Ke3 Kc5 47.
Rb2 Re6+ 48. Kf3 Re1 49. g4 hxg3 50. Kxg3 Rc1 51. Kf3 Rxc3 52. Ke3 Rc1 53. Rh2
Rd1 0-1

[Event "BL 9091 Delmenhorst-HSK"]
[Site "?"]
[Date "1991.??.??"]
[Round "?.4"]
[White "Borik, O."]
[Black "Mueller, Ka"]
[Result "1/2-1/2"]
[WhiteElo "2375"]
[BlackElo "2425"]
[PlyCount "77"]
[EventDate "1991.??.??"]

1. d4 d5 2. c4 dxc4 3. Nf3 a6 4. e3 Nf6 5. Bxc4 e6 6. O-O c5 7. Qe2 b5 8. Bb3
Bb7 9. Rd1 Nbd7 10. e4 Bxe4 11. Ng5 Bd5 12. Bxd5 Nxd5 13. dxc5 Be7 14. Nxe6
fxe6 15. Qxe6 N7f6 16. Nc3 Qc8 17. Qxc8+ Rxc8 18. Nxd5 Nxd5 19. Rxd5 Bxc5 20.
Be3 Bxe3 21. Re5+ Kf7 22. fxe3 Rhd8 23. Rf5+ Ke6 24. Rf2 Rd3 25. Re1 a5 26. h4
Rc4 27. g3 a4 28. a3 Rb3 29. Ree2 b4 30. axb4 Rcxb4 31. Kg2 h5 32. Kf3 Rb5 33.
Rc2 Re5 34. Rfe2 Rf5+ 35. Kg2 Rfb5 36. Kf2 Rf5+ 37. Ke1 Rf3 38. Rc6+ Kf7 39.
Rc4 1/2-1/2

[Event "BL 9091 Delmenhorst-HSK"]
[Site "?"]
[Date "1991.??.??"]
[Round "?.5"]
[White "Wegner, H."]
[Black "Schlemermeyer, W."]
[Result "1/2-1/2"]
[WhiteElo "2435"]
[BlackElo "2330"]
[PlyCount "122"]
[EventDate "1991.??.??"]

1. e4 c5 2. Nf3 d6 3. d4 cxd4 4. Nxd4 Nf6 5. Nc3 g6 6. Be3 Bg7 7. f3 Nc6 8. Qd2
O-O 9. Bc4 Bd7 10. O-O-O Rc8 11. Bb3 Ne5 12. Bg5 Nc4 13. Bxc4 Rxc4 14. e5 dxe5
15. Nb3 Rc7 16. Nb5 Bf5 17. Nxc7 Qxc7 18. Kb1 Rc8 19. Ka1 b6 20. c3 a5 21. Nc1
b5 22. Bh6 Bh8 23. h4 Be6 24. h5 b4 25. Rh4 bxc3 26. Qxc3 Qxc3 27. bxc3 Nd5 28.
hxg6 hxg6 29. Ne2 e4 30. Bd2 exf3 31. gxf3 Bf6 32. Rh2 Nxc3 33. Nxc3 Bxc3+ 34.
Bxc3 Rxc3 35. Rf2 Kg7 36. Kb2 Rc5 37. Rd4 g5 38. Re2 Rf5 39. Ra4 Kf6 40. Re3
Rc5 41. Rc3 Rb5+ 42. Kc2 Bf5+ 43. Kd2 Rd5+ 44. Ke3 Bd7 45. Rd4 Rxd4 46. Kxd4 a4
47. Rc5 g4 48. fxg4 Bxg4 49. Ra5 Bd7 50. a3 Ke6 51. Re5+ Kd6 52. Rd5+ Kc6 53.
Rc5+ Kd6 54. Rd5+ Kc7 55. Rc5+ Kb6 56. Rc1 Be6 57. Ke5 Bb3 58. Kf5 Be6+ 59. Ke5
Bb3 60. Kf5 Kb7 61. Rc3 Ba2 1/2-1/2

[Event "BL 9091 Delmenhorst-HSK"]
[Site "?"]
[Date "1991.??.??"]
[Round "?.6"]
[White "Wesseln, K."]
[Black "Michaelsen, N."]
[Result "0-1"]
[WhiteElo "2360"]
[BlackElo "2315"]
[PlyCount "64"]
[EventDate "1991.??.??"]

1. d4 Nf6 2. c4 g6 3. Nc3 d5 4. Nf3 Bg7 5. Bg5 Ne4 6. cxd5 Nxg5 7. Nxg5 e6 8.
Nf3 exd5 9. b4 Qd6 10. a3 O-O 11. e3 c6 12. Be2 Bf5 13. O-O Nd7 14. Qb3 Rfe8
15. Rfe1 h5 16. b5 Qf6 17. Rac1 g5 18. Nd2 g4 19. Na4 h4 20. Nf1 Rab8 21. Nc5
Nxc5 22. Rxc5 Bd7 23. Qd1 Qe6 24. a4 Bf8 25. Rc1 Bb4 26. Nd2 g3 27. hxg3 hxg3
28. Bd3 Qh6 29. fxg3 Rxe3 30. Be2 Rbe8 31. bxc6 bxc6 32. Rb1 Bc3 0-1

[Event "BL 9091 Delmenhorst-HSK"]
[Site "?"]
[Date "1991.??.??"]
[Round "?.7"]
[White "Sievers, S."]
[Black "Breutigam, M."]
[Result "1-0"]
[WhiteElo "2330"]
[BlackElo "2330"]
[PlyCount "75"]
[EventDate "1991.??.??"]

1. e4 d5 2. exd5 Nf6 3. c4 e6 4. dxe6 Bxe6 5. Be2 Nc6 6. Nf3 Bc5 7. O-O Qd7 8.
d3 O-O-O 9. Be3 Bxe3 10. fxe3 Ng4 11. Qc1 Rhe8 12. Nc3 Nce5 13. Nxe5 Nxe5 14.
d4 Ng4 15. d5 Bf5 16. Bxg4 Bxg4 17. e4 Re5 18. Qe3 b6 19. c5 Rde8 20. Qd3 bxc5
21. Qa6+ Kd8 22. Qxa7 Ke7 23. Qxc5+ Qd6 24. Qxd6+ cxd6 25. b4 Rc8 26. Rfc1 Kf6
27. b5 Re7 28. a4 Rec7 29. Ra3 Ke5 30. b6 Rc4 31. a5 Rb4 32. Kf2 Rb2+ 33. Ke3
Re8 34. Rb1 Rxg2 35. b7 Rb8 36. a6 Rxh2 37. a7 Rh3+ 38. Kf2 1-0

[Event "BL 9091 Delmenhorst-HSK"]
[Site "?"]
[Date "1991.??.??"]
[Round "?.8"]
[White "Ditt, E."]
[Black "Heinemann, T."]
[Result "1-0"]
[WhiteElo "2285"]
[BlackElo "2340"]
[PlyCount "124"]
[EventDate "1991.??.??"]

1. c4 c5 2. Nc3 b6 3. e4 d6 4. f4 Nc6 5. d3 g6 6. Nf3 Bg4 7. Be2 e6 8. O-O Nge7
9. f5 gxf5 10. Ng5 Ne5 11. exf5 Bxf5 12. Nce4 Bg7 13. Ng3 h6 14. Nh5 hxg5 15.
Nxg7+ Kf8 16. Nh5 g4 17. Nf6 Ng8 18. Nxg8 Kxg8 19. d4 cxd4 20. Qxd4 Qc7 21. Bf4
Rd8 22. Rad1 f6 23. b4 Kf7 24. a3 Ke7 25. Rc1 Qc6 26. Rfd1 Nf7 27. Bg3 Rhg8 28.
Qf2 Ng5 29. Bf4 Ne4 30. Qf1 Ng5 31. Bd3 Be4 32. c5 dxc5 33. Bb5 Qa8 34. bxc5
Bxg2 35. Bd6+ Kf7 36. Qxg2 Nh3+ 37. Kf1 Qf3+ 38. Qxf3 gxf3 39. Bg3 bxc5 40. Bc6
Ng5 41. Kf2 Rd4 42. h4 Ne4+ 43. Bxe4 Rxe4 44. Rxc5 e5 45. Kxf3 Ra4 46. Rc3 Ke6
47. Rb1 a5 48. Ke2 Re4+ 49. Kf1 f5 50. Rb6+ Kd5 51. Bf2 Ra4 52. Rb5+ Ke4 53.
Re3+ Kf4 54. Rexe5 Rxa3 55. Rxf5+ Kg4 56. Rxa5 Rxa5 57. Rxa5 Rg7 58. Ra4+ Kh5
59. Ke2 Re7+ 60. Kf3 Rf7+ 61. Rf4 Rf6 62. Bg3 Ra6 1-0

[Event "BL 9091 Nürnberg-HSK"]
[Site "?"]
[Date "1991.??.??"]
[Round "?.1"]
[White "Brunner, L."]
[Black "Jansa, V."]
[Result "1-0"]
[WhiteElo "2460"]
[BlackElo "2495"]
[PlyCount "57"]
[EventDate "1991.??.??"]

1. e4 c5 2. Nf3 d6 3. d4 cxd4 4. Nxd4 Nf6 5. Nc3 a6 6. Bg5 Nc6 7. Bxf6 gxf6 8.
Nb3 f5 9. Qh5 Bg7 10. exf5 Bxc3+ 11. bxc3 Qc7 12. Bd3 Ne5 13. O-O Qxc3 14. Be4
Nd7 15. Rae1 Nf6 16. Qh4 Rg8 17. Re3 Qb2 18. h3 Bd7 19. Bxb7 Rb8 20. Bf3 Kf8
21. Rfe1 Re8 22. Nd4 Rg7 23. c3 Qxa2 24. Nc6 Nd5 25. f6 exf6 26. Rxe8+ Bxe8 27.
Nb4 Nxb4 28. Qxf6 Rg8 29. Qh6+ 1-0

[Event "BL 9091 Nürnberg-HSK"]
[Site "?"]
[Date "1991.??.??"]
[Round "?.2"]
[White "Pribyl, J."]
[Black "Schussler, H."]
[Result "1/2-1/2"]
[WhiteElo "2425"]
[BlackElo "2465"]
[PlyCount "84"]
[EventDate "1991.??.??"]

1. d4 Nf6 2. Nf3 e6 3. g3 b5 4. Bg2 Bb7 5. O-O h6 6. a4 b4 7. c3 Na6 8. Nbd2
Be7 9. Nc4 O-O 10. Bd2 Rb8 11. Ne1 Bxg2 12. Kxg2 c5 13. Nd3 bxc3 14. bxc3 Qc7
15. Bf4 d6 16. Rc1 Rfd8 17. f3 Nd5 18. Bd2 Nb6 19. Nxb6 Qxb6 20. a5 Qc6 21. e4
d5 22. Re1 dxe4 23. fxe4 Bf6 24. Bf4 Rb7 25. Qf3 Rb3 26. Bxh6 cxd4 27. Rf1 dxc3
28. Bxg7 Rxd3 29. Qxf6 Qxe4+ 30. Kh3 Qh7+ 31. Bh6 Rb5 32. Qxe6 Rh5+ 33. Kg4
Qg6+ 34. Qxg6+ fxg6 35. Rf8+ Kh7 36. Bf4 Nb4 37. Rf7+ Kg8 38. Rxa7 Nd5 39. Ra6
Kf7 40. Bg5 Rd4+ 41. Bf4 Rd3 42. Bg5 Rd4+ 1/2-1/2

[Event "BL 9091 Nürnberg-HSK"]
[Site "?"]
[Date "1991.??.??"]
[Round "?.3"]
[White "Maus, So"]
[Black "Seibold, H."]
[Result "1-0"]
[WhiteElo "2400"]
[BlackElo "2210"]
[PlyCount "55"]
[EventDate "1991.??.??"]

1. e4 c5 2. Nf3 Nc6 3. d4 cxd4 4. Nxd4 g6 5. c4 Bg7 6. Be3 Nf6 7. Nc3 O-O 8.
Be2 d6 9. O-O Nxd4 10. Bxd4 Be6 11. Qd2 Qa5 12. Rad1 Rfc8 13. b3 a6 14. f4 Bg4
15. e5 dxe5 16. fxe5 Bxe2 17. Qxe2 Nd7 18. Nd5 Re8 19. b4 Qa4 20. e6 Bxd4+ 21.
Rxd4 Nf6 22. Qe5 Qc6 23. Rxf6 exf6 24. Nxf6+ Kf8 25. Nxh7+ Kg8 26. Nf6+ Kf8 27.
Nd7+ Kg8 28. Rh4 1-0

[Event "BL 9091 Nürnberg-HSK"]
[Site "?"]
[Date "1991.??.??"]
[Round "?.4"]
[White "Huemmer, B."]
[Black "Mueller, Ka"]
[Result "0-1"]
[WhiteElo "2265"]
[BlackElo "2425"]
[PlyCount "161"]
[EventDate "1991.??.??"]

1. d4 d5 2. Nf3 e6 3. Bf4 c5 4. c3 Nf6 5. e3 Nc6 6. Nbd2 Be7 7. h3 O-O 8. Be2
b6 9. O-O Bb7 10. a3 Bd6 11. b4 Bxf4 12. exf4 Ne4 13. Qc1 cxd4 14. cxd4 Qf6 15.
Nb3 Rfc8 16. Qe3 Ne7 17. Rfc1 Nf5 18. Qd3 Nfd6 19. g3 Nc4 20. Nbd2 Ncxd2 21.
Nxd2 g5 22. Bf3 gxf4 23. Nxe4 dxe4 24. Bxe4 Bxe4 25. Qxe4 fxg3 26. fxg3 Qg5 27.
Qf4 Qxf4 28. gxf4 Rd8 29. Rd1 Rac8 30. Rd3 Rd5 31. Kf2 Rc2+ 32. Kf3 f6 33. Rad1
Kf7 34. R1d2 Rc4 35. Ke3 Rh5 36. Kf2 Kg6 37. Rg3+ Kf7 38. Rgd3 Ke7 39. Re2 Kd7
40. Re1 Rc2+ 41. Kg3 Rc8 42. Rde3 Rc6 43. Kf2 Rd6 44. Rd3 Rh4 45. Kg3 Rh6 46.
Kf2 Rg6 47. Re2 Rg8 48. Re1 Rd5 49. Re2 h5 50. Re1 h4 51. Re2 Rf5 52. Rf3 Rc8
53. Ke3 Rd5 54. Kd3 b5 55. Rd2 Rc1 56. Ke3 Re1+ 57. Kd3 f5 58. Kc3 Re4 59. Rf1
Rd6 60. Rff2 Rc6+ 61. Kb2 Kd6 62. Rg2 Rxf4 63. d5 exd5 64. Rg6+ Kc7 65. Rg7+
Kb6 66. Rxd5 Rf2+ 67. Kb3 Rf3+ 68. Kb2 Re6 69. Rg2 a5 70. a4 bxa4 71. Rxa5 Rxh3
72. Rxf5 Rb3+ 73. Ka2 h3 74. Rgg5 Rxb4 75. Rh5 Rb3 76. Rh4 Rd3 77. Rf2 a3 78.
Rh2 Ree3 79. Rc2 Rc3 80. Rf2 Rf3 81. Re2 0-1

[Event "BL 9091 Bamberg-Tegel"]
[Site "?"]
[Date "1991.??.??"]
[Round "?.2"]
[White "Kurz, A."]
[Black "Lorenz, S."]
[Result "1-0"]
[WhiteElo "2330"]
[BlackElo "2310"]
[PlyCount "40"]
[EventDate "1991.??.??"]

1. e4 g6 2. d4 Bg7 3. c3 d6 4. Bg5 h6 5. Be3 Nf6 6. f3 Nc6 7. Qd2 e5 8. Bd3 d5
9. Ne2 a6 10. O-O dxe4 11. Bxe4 Nxe4 12. fxe4 exd4 13. cxd4 Bg4 14. Nbc3 Qd7
15. Rac1 Rd8 16. Nd5 Bxe2 17. Qxe2 Nxd4 18. Qf2 Ne6 19. Rcd1 Kf8 20. Nf4 Qxd1
1-0

[Event "BL 9091 Bamberg-Tegel"]
[Site "?"]
[Date "1991.??.??"]
[Round "?.3"]
[White "Rabiega, R."]
[Black "Womacka, M."]
[Result "1/2-1/2"]
[WhiteElo "2325"]
[BlackElo "2410"]
[PlyCount "30"]
[EventDate "1991.??.??"]

1. e4 c5 2. c3 d5 3. exd5 Qxd5 4. d4 Nf6 5. Nf3 Nc6 6. dxc5 Qxc5 7. Na3 e5 8.
Nc4 Qe7 9. Be3 Bf5 10. Qa4 Nd7 11. Rd1 Qe6 12. Bd3 Bxd3 13. Rxd3 Be7 14. Rd2
O-O 15. Qb5 Rfd8 1/2-1/2

[Event "BL 9091 Bamberg-Tegel"]
[Site "?"]
[Date "1991.??.??"]
[Round "?.4"]
[White "Ramos, D."]
[Black "Hargens, T."]
[Result "0-1"]
[WhiteElo "2330"]
[BlackElo "2255"]
[PlyCount "102"]
[EventDate "1991.??.??"]

1. d4 Nf6 2. Nf3 e6 3. e3 b6 4. Bd3 d5 5. Ne5 Bd6 6. f4 O-O 7. Nd2 Bb7 8. O-O
Ne4 9. Nxe4 dxe4 10. Bc4 Ba6 11. b3 Bxc4 12. Nxc4 Be7 13. Bb2 b5 14. Nd2 f5 15.
Qe2 c6 16. Rfd1 Na6 17. Nf1 Qb6 18. Rd2 Rac8 19. g4 g6 20. Kh1 Nc7 21. c4 bxc4
22. bxc4 Qa6 23. Rc2 Ne8 24. Ng3 Ba3 25. Bxa3 Qxa3 26. Rb1 Qe7 27. Rcb2 Rc7 28.
g5 c5 29. dxc5 Qxc5 30. Rb7 Nd6 31. Rxc7 Qxc7 32. Rc1 Qc5 33. Nf1 a5 34. Qc2
Rc8 35. Qa4 Rc7 36. a3 e5 37. fxe5 Qxe5 38. c5 Rxc5 39. Qb3+ Nf7 40. Qb1 Rxc1
41. Qxc1 Nxg5 42. a4 Nf3 43. Kg2 Kg7 44. Ng3 Kh6 45. Qa3 Qf6 46. Ne2 Qd8 47.
Qc3 Qd1 48. Kf2 Qh1 49. Nf4 Qxh2+ 50. Kf1 Qd2 51. Qxd2 Nxd2+ 0-1

[Event "BL 9091 Bamberg-Tegel"]
[Site "?"]
[Date "1991.??.??"]
[Round "?.5"]
[White "Sperlich, O."]
[Black "Schoeneberg, M."]
[Result "0-1"]
[WhiteElo "2280"]
[BlackElo "2310"]
[PlyCount "74"]
[EventDate "1991.??.??"]

1. Nf3 c5 2. g3 g6 3. Bg2 Bg7 4. O-O Nc6 5. d3 d5 6. Nbd2 Nf6 7. c3 O-O 8. e4
Bg4 9. Qc2 Qd7 10. Re1 e5 11. Nf1 d4 12. c4 Ne8 13. h4 f5 14. N3d2 f4 15. Nh2
fxg3 16. fxg3 Bh6 17. Ndf3 Bxc1 18. Rexc1 Ng7 19. a3 Nh5 20. Qf2 Rf7 21. Kh1
Raf8 22. Rg1 Bxf3 23. Bxf3 Qh3 24. Bg4 Rxf2 25. Bxh3 Rd2 26. Rg2 Rxd3 27. Nf1
Nf4 28. Bg4 Nxg2 29. Kxg2 Kg7 30. Be2 Rxf1 31. Kxf1 Rxg3 32. b4 Re3 33. bxc5 d3
34. Bg4 Rxe4 35. Be6 Rxh4 36. Kg2 d2 37. Rb1 Rd4 0-1

[Event "BL 9091 Bamberg-Tegel"]
[Site "?"]
[Date "1991.??.??"]
[Round "?.6"]
[White "Bezold, M."]
[Black "Giemsa, S."]
[Result "1/2-1/2"]
[WhiteElo "2330"]
[BlackElo "2240"]
[PlyCount "120"]
[EventDate "1991.??.??"]

1. g3 g6 2. Bg2 Bg7 3. e4 e5 4. Ne2 Nf6 5. c4 d6 6. Nbc3 O-O 7. O-O Be6 8. d3
Qd7 9. Nd5 Bh3 10. Qb3 Bxg2 11. Kxg2 c6 12. Nxf6+ Bxf6 13. f4 exf4 14. Bxf4 Bg7
15. d4 Re8 16. Qd3 Qe7 17. Nc3 Nd7 18. Rae1 Rad8 19. Qd2 Qf8 20. Re2 c5 21.
dxc5 Nxc5 22. Rfe1 Ne6 23. Nd5 f5 24. exf5 Qxf5 25. Rf2 Nxf4+ 26. Rxf4 Qd7 27.
Ref1 Rf8 28. b3 Be5 29. R4f3 Rxf3 30. Rxf3 Rf8 31. Re3 Kg7 32. Qe2 Qf5 33. Re4
h5 34. Nf4 Rf7 35. Nd3 Bf6 36. h3 Qd7 37. Qe3 Re7 38. Rxe7+ Qxe7 39. Qxe7+ Bxe7
40. Kf3 Kf7 41. Ke4 Kf6 42. b4 Bf8 43. a4 Bh6 44. b5 Ke6 45. Ne1 Bd2 46. Nf3
Bc3 47. g4 hxg4 48. hxg4 Bf6 49. Ne1 Bd8 50. Nd3 Bb6 51. Nf4+ Kf6 52. Kd5 Bc5
53. Nh3 Bb4 54. Ke4 Bc5 55. g5+ Kf7 56. Kd5 Bb4 57. Nf2 Ke7 58. Ne4 Kd7 59. Ng3
Bd2 60. Ne4 Bb4 1/2-1/2

[Event "BL 9091 Bamberg-Tegel"]
[Site "?"]
[Date "1991.??.??"]
[Round "?.7"]
[White "Urban, J."]
[Black "Hartmann, G."]
[Result "1-0"]
[WhiteElo "2330"]
[BlackElo "2290"]
[PlyCount "75"]
[EventDate "1991.??.??"]

1. Nf3 g6 2. g3 Bg7 3. Bg2 d6 4. d3 c5 5. O-O Nc6 6. e4 e6 7. c3 Nge7 8. d4 O-O
9. dxc5 dxc5 10. Qe2 b6 11. a4 Bb7 12. Na3 Qc7 13. Nb5 Qb8 14. Rd1 Nc8 15. Rd7
a6 16. Nc7 Ra7 17. Bf4 e5 18. Bg5 h6 19. Be3 Nd6 20. a5 Nxa5 21. Rxa5 bxa5 22.
Bxc5 Bc8 23. Re7 Rd8 24. Bxa7 Qxa7 25. Nd5 Qc5 26. Nxe5 Be6 27. Rc7 Qb5 28.
Qxb5 Nxb5 29. Nc6 Rd6 30. Nce7+ Kf8 31. Rb7 Rd8 32. Nc6 Rc8 33. Nxa5 f5 34. Nf4
Bf7 35. exf5 gxf5 36. Bh3 Rd8 37. Bxf5 Nd6 38. Rd7 1-0

[Event "BL 9091 HSK-Bamberg"]
[Site "?"]
[Date "1991.??.??"]
[Round "?.1"]
[White "Meister, P."]
[Black "Schussler, H."]
[Result "1/2-1/2"]
[WhiteElo "2405"]
[BlackElo "2465"]
[PlyCount "40"]
[EventDate "1991.??.??"]

1. d4 Nf6 2. c4 e6 3. Nf3 b6 4. g3 Ba6 5. Qb3 Nc6 6. Nbd2 Na5 7. Qa4 Bb7 8. Bh3
c5 9. O-O cxd4 10. Nxd4 Be7 11. Re1 O-O 12. e4 Nc6 13. Nxc6 Bxc6 14. Qc2 Rc8
15. e5 Ne8 16. b3 d5 17. exd6 Bf6 18. Bb2 Bxb2 19. Qxb2 Nxd6 20. Rad1 Qc7
1/2-1/2

[Event "BL 9091 HSK-Bamberg"]
[Site "?"]
[Date "1991.??.??"]
[Round "?.2"]
[White "Maus, So"]
[Black "Kurz, A."]
[Result "1-0"]
[WhiteElo "2400"]
[BlackElo "2330"]
[PlyCount "52"]
[EventDate "1991.??.??"]

1. c4 g6 2. g3 Bg7 3. Bg2 Nf6 4. Nc3 O-O 5. e4 d6 6. Nge2 c5 7. O-O Nc6 8. d3
Rb8 9. h3 a6 10. a4 Ne8 11. Be3 Nd4 12. Rb1 Bd7 13. b4 cxb4 14. Rxb4 Qa5 15.
Qb1 Nxe2+ 16. Nxe2 b5 17. Rc1 Nc7 18. Rc2 Rfc8 19. Ra2 Qxb4 20. Qxb4 bxc4 21.
Qd2 Be6 22. dxc4 Bxc4 23. Rc2 Bb3 24. Rc1 Bxa4 25. Qa5 Bb5 26. Rxc7 Bxe2 1-0

[Event "BL 9091 HSK-Bamberg"]
[Site "?"]
[Date "1991.??.??"]
[Round "?.4"]
[White "Wegner, H."]
[Black "Ramos, D."]
[Result "1/2-1/2"]
[WhiteElo "2435"]
[BlackElo "2330"]
[PlyCount "64"]
[EventDate "1991.??.??"]

1. e4 c5 2. Nf3 e6 3. d4 cxd4 4. Nxd4 a6 5. Bd3 Nc6 6. Nxc6 dxc6 7. Nd2 e5 8.
Qh5 Bd6 9. Nc4 Ne7 10. Nxd6+ Qxd6 11. O-O Be6 12. Be3 O-O 13. f4 f6 14. f5 Bf7
15. Qh4 b5 16. Rf3 Kh8 17. Qf2 Rfc8 18. Bc5 Qc7 19. g4 Nd5 20. exd5 cxd5 21.
Bb6 Qc6 22. Rg3 d4 23. Bxd4 exd4 24. Qxd4 Re8 25. Re3 Rxe3 26. Qxe3 Re8 27. Qf2
Qd6 28. Bf1 Qb4 29. c4 Re4 30. h3 Bxc4 31. Bxc4 Qxc4 32. Re1 h6 1/2-1/2

[Event "BL 9091 HSK-Bamberg"]
[Site "?"]
[Date "1991.??.??"]
[Round "?.5"]
[White "Schoeneberg, M."]
[Black "Michaelsen, N."]
[Result "1/2-1/2"]
[WhiteElo "2310"]
[BlackElo "2315"]
[PlyCount "36"]
[EventDate "1991.??.??"]

1. e4 e5 2. Nf3 Nf6 3. Nxe5 d6 4. Nf3 Nxe4 5. d4 d5 6. Bd3 Bd6 7. O-O O-O 8. c4
c6 9. Nc3 Nxc3 10. bxc3 Bg4 11. h3 Bh5 12. c5 Bc7 13. Re1 Nd7 14. Bg5 f6 15.
Bh4 Re8 16. g4 Bg6 17. Bxg6 hxg6 18. Qb1 Rxe1+ 1/2-1/2

[Event "BL 9091 HSK-Bamberg"]
[Site "?"]
[Date "1991.??.??"]
[Round "?.6"]
[White "Reefschlaeger, H."]
[Black "Bezold, M."]
[Result "1-0"]
[WhiteElo "2380"]
[BlackElo "2330"]
[PlyCount "39"]
[EventDate "1991.??.??"]

1. e4 c5 2. f4 Nc6 3. Nf3 e6 4. d3 Nf6 5. g3 Be7 6. Bg2 O-O 7. O-O b6 8. Qe2
Ba6 9. c3 Rc8 10. a4 Qc7 11. Na3 Na5 12. Nb5 Qb8 13. f5 exf5 14. Bf4 d6 15. Nh4
fxe4 16. Nf5 Nc6 17. Nxe7+ Nxe7 18. Bxd6 Qb7 19. Rxf6 gxf6 20. Bxe4 1-0

[Event "BL 9091 HSK-Bamberg"]
[Site "?"]
[Date "1991.??.??"]
[Round "?.7"]
[White "Csulits, A."]
[Black "Hegeler, F."]
[Result "1/2-1/2"]
[WhiteElo "2320"]
[BlackElo "2245"]
[PlyCount "32"]
[EventDate "1991.??.??"]

1. d4 d5 2. Nf3 Nf6 3. g3 c6 4. Bg2 Bf5 5. O-O h6 6. c4 e6 7. Nc3 Nbd7 8. Nd2
Be7 9. e4 dxe4 10. Ndxe4 O-O 11. Bf4 Nxe4 12. Nxe4 Nf6 13. Re1 Nxe4 14. Bxe4
Bxe4 15. Rxe4 Qb6 16. Qe2 Rfd8 1/2-1/2

[Event "BL 9091 Tegel-Nürnberg"]
[Site "?"]
[Date "1991.??.??"]
[Round "?.1"]
[White "Jansa, V."]
[Black "Tomczak, R."]
[Result "0-1"]
[WhiteElo "2495"]
[BlackElo "2310"]
[PlyCount "122"]
[EventDate "1991.??.??"]

1. e4 c5 2. Nf3 Nc6 3. Bb5 Nf6 4. Nc3 e5 5. Bxc6 dxc6 6. Nxe5 Nxe4 7. Nxe4 Qd5
8. O-O Qxe5 9. Re1 Be7 10. d4 cxd4 11. Bg5 O-O 12. Nf6+ Bxf6 13. Rxe5 Bxe5 14.
Qd2 Bf5 15. h3 Rae8 16. Bf4 c5 17. Rc1 Bg6 18. b4 Bxf4 19. Qxf4 Re4 20. Qc7
cxb4 21. Qxb7 a5 22. Qd7 h6 23. Rd1 Re2 24. Rxd4 Rxc2 25. Qd5 Re8 26. Rg4 Kh7
27. h4 Re1+ 28. Kh2 Rxf2 29. h5 Bb1 30. Qxa5 Bxa2 31. Qxb4 Re5 32. Kg3 Rff5 33.
Qf8 Rg5 34. Rxg5 Rxg5+ 35. Kf2 Rxh5 36. Qe7 Bd5 37. g3 Rf5+ 38. Kg1 h5 39. Qd6
g6 40. Qc7 Be6 41. Qd8 Rd5 42. Qb8 Rd4 43. Qe5 Rg4 44. Kf2 g5 45. Kf3 Kg6 46.
Qh8 h4 47. gxh4 gxh4 48. Qg8+ Kf6 49. Qh8+ Ke7 50. Kf2 h3 51. Qh5 Rg2+ 52. Ke3
Rg3+ 53. Kf2 Rg4 54. Qh6 Ke8 55. Kf3 Rc4 56. Qh8+ Kd7 57. Qe5 Kc6 58. Kg3 Rg4+
59. Kf3 Rh4 60. Qf6 h2 61. Qc3+ Rc4 0-1

[Event "BL 9091 Tegel-Nürnberg"]
[Site "?"]
[Date "1991.??.??"]
[Round "?.3"]
[White "Seibold, H."]
[Black "Rabiega, R."]
[Result "0-1"]
[WhiteElo "2210"]
[BlackElo "2325"]
[PlyCount "82"]
[EventDate "1991.??.??"]

1. e4 Nc6 2. Nf3 d6 3. d4 Nf6 4. Nc3 Bg4 5. d5 Nb8 6. h3 Bxf3 7. Qxf3 g6 8. g3
Bg7 9. Bg2 O-O 10. O-O c5 11. Qe2 Nfd7 12. Be3 Na6 13. Nd1 Nc7 14. a4 a6 15. a5
Rb8 16. Qd2 Re8 17. Bh6 Bh8 18. c3 b5 19. axb6 Nxb6 20. Ne3 Qd7 21. Rfe1 Na4
22. Nc4 Nb6 23. Na5 e6 24. Kh2 Na4 25. dxe6 Rxe6 26. Nc4 Nb6 27. Nxb6 Rxb6 28.
Bf4 Qb5 29. Re2 Nd5 30. Bh6 Rb8 31. Bf1 Nf6 32. Qc2 Bg7 33. Bxg7 Kxg7 34. Rd2
Qb7 35. Rxa6 Nxe4 36. Rd1 Qxb2 37. Ra2 Qxc3 38. Bc4 Re5 39. Qa4 Rb4 40. Qd7
Qxc4 41. Ra7 Rf5 0-1

[Event "BL 9091 Tegel-Nürnberg"]
[Site "?"]
[Date "1991.??.??"]
[Round "?.4"]
[White "Hargens, T."]
[Black "Huemmer, B."]
[Result "1/2-1/2"]
[WhiteElo "2255"]
[BlackElo "2265"]
[PlyCount "57"]
[EventDate "1991.??.??"]

1. e4 Nf6 2. e5 Nd5 3. d4 d6 4. Nf3 Nb6 5. Be2 g6 6. exd6 cxd6 7. a4 Bg7 8. a5
Nd5 9. c4 Nf6 10. Nc3 O-O 11. d5 Bg4 12. Nd4 Bxe2 13. Ncxe2 a6 14. O-O Nbd7 15.
f3 Rc8 16. b3 Nc5 17. Bg5 Qc7 18. Kh1 Rfe8 19. Re1 e5 20. dxe6 Nxe6 21. Nxe6
Rxe6 22. Nf4 Rxe1+ 23. Qxe1 d5 24. Bxf6 Qxf4 25. Bxg7 Kxg7 26. cxd5 Rc2 27. Rd1
Qg5 28. Qg1 Rd2 29. Rxd2 1/2-1/2

[Event "BL 9091 Bielefeld-Bayern"]
[Site "?"]
[Date "1991.??.??"]
[Round "?.1"]
[White "Huebner, R."]
[Black "Pieper Emden, C."]
[Result "1-0"]
[WhiteElo "2620"]
[BlackElo "2405"]
[PlyCount "125"]
[EventDate "1991.??.??"]

1. d4 d5 2. c4 c6 3. Nc3 Nf6 4. Nf3 a6 5. Ne5 b5 6. cxb5 cxb5 7. Bf4 e6 8. e3
Nbd7 9. Bd3 Bb7 10. O-O Be7 11. a4 b4 12. Ne2 Rc8 13. a5 O-O 14. Nc1 Nxe5 15.
Bxe5 Ne4 16. Nb3 Rc6 17. f3 Nf6 18. Qd2 Nd7 19. Bg3 Qa8 20. Rae1 Rcc8 21. Qe2
Rfd8 22. Ra1 g6 23. Rfd1 Rc6 24. Be1 Rc7 25. Bd2 Rb8 26. h3 Bd6 27. Rdc1 Rxc1+
28. Rxc1 Rc8 29. Qd1 Rxc1 30. Nxc1 Qc8 31. Na2 b3 32. Nc1 Bb8 33. Nxb3 e5 34.
Qc1 Qf8 35. Be2 exd4 36. Nxd4 Qd6 37. f4 Nf6 38. b4 Ne4 39. Bc3 g5 40. Nf5 Qc7
41. Bb2 gxf4 42. Qxc7 Bxc7 43. exf4 Bxf4 44. b5 axb5 45. Bxb5 Nc5 46. Bd4 Na6
47. Be3 Bxe3+ 48. Nxe3 Nc7 49. Bd3 Kg7 50. Kf2 h5 51. Nc2 Kf6 52. h4 Ba6 53.
Nb4 Bxd3 54. Nxd3 Kf5 55. Kf3 Nb5 56. a6 Nd4+ 57. Kg3 Nb5 58. Nf4 d4 59. Kf3
Na7 60. Nxh5 Nc6 61. g4+ Ke5 62. Nf4 Kd6 63. h5 1-0